Aviron Bayonnais Section Paloise ou les deux - Statistiques

Statistiques générales
  • Ce quiz a été pris 20 fois
  • Le résultat moyen est 7 sur 15
Statistiques - réponses
Question Réponse % Correct
Marland Yard Aviron Bayonnais
73%
Robert Paparemborde Section Paloise
73%
Aymeric Luc Les deux
67%
David Aucagne Section Paloise
67%
Quentin Béthune Aviron Bayonnais
60%
Christophe Lamaison Aviron Bayonnais
53%
Konstantin Mikautadze Aviron Bayonnais
53%
Bastien Pourailly Les deux
53%
Christophe Laussucq Section Paloise
53%
Imanol Harinordoquy Section Paloise
47%
Denis Avril Aviron Bayonnais
40%
Philippe Bernat-Salles Section Paloise
40%
Jean-Michel Gonzalez Les deux
20%
Pierre Labourdette Les deux
7%
Marc Etcheverry Section Paloise
7%
Aucun quiz correspondant
Distribution des résultats
% des personnes avec chaque résultat
Percentile par nombre de réponses
Votre historique - résultats
Vous n’avez pas pris ce quiz